000 01814nam0a2200373 4500
001 RU\NLR\BIBL_A\022676668
005 20260226102504.0
010 _a978-5-17-177710-4
_93000
021 _aRU
_bКН-П-25-062062
_9КН-П-25-6000
035 _a(NLR Aleph) 022676668
090 _a13686464
_c13686464
100 _a20251202d2025 c y0rusy50 ca
101 0 _arus
102 _aRU
105 _aa z 000ay
181 0 _ai3
_baxxe
181 0 _ab2
_bbb2e
182 0 _an
200 1 _aКорзина с еловыми шишками
_e[сборник
_eдля младшего школьного возраста]
_fК. Паустовский
_g[художники: Марина и Олег Фёдоровы]
203 _aТекст
_aИзображение
_bвизуальные
_cнепосредственные
210 _aМосква
_cАСТ, Астрель-СПб
_d2025
215 _a78, [1] с.
_cцв. ил.
_d22
225 1 _aЛучшая детская книга
327 1 _aСодерж.: Растрёпанный воробей; Из сборника "Летние дни": Заячьи лапы; Кот-ворюг; Барсучий нос; Подарок; Жильцы сторого дома; Корзина с еловыми шишками
333 _a6+
686 0 _aШ9(2)60=Р7-4
700 1 _aПаустовский
_bК. Г.
_f1892-1968
_gКонстантин Георгиевич
_3RU\NLR\AUTH\7725989
702 1 _aФедорова
_bМ. А.
_cхудожник
_gМарина Анатольевна
_3RU\NLR\AUTH\770252446
_4040
702 1 _aФедоров
_bО. В.
_cхудожник
_f1964-
_gОлег Владимирович
_3RU\NLR\AUTH\770252375
_4040
942 _cBOOK
980 _aNB